000 00824cab a2200241 4500
001 WB2936-21
008 090401t1993 xxu||||| |||| 00| 0 eng d
035 _a(Sirsi) u37894
041 _aeng
245 _aLandlords in favour again
260 _c1993
350 _a0
490 _aFinancial Times
_v25 September 1993, VIII(1)
520 _aThe private rented sector has picked up during the recession with a survey by York University and the Association of Residential Letting Agents finding that lettings increased 13% during 1992.
650 _aARLA
650 _aHOUSING MARKET
650 _aPRIVATE RENTED SECTOR
650 _aRENTED HOUSING
650 _aSTATISTICS
690 _aPROPERTY-RESIDENTIAL PROPERTY-RESIDENTIAL LANDLORD AND TENANT-RESIDENTIAL TENANCIES
942 _n0
948 _c04/03/1997
999 _c24370
_d24370